Basic electronics
Αποθηκεύτηκε σε:
| Κύριος συγγραφέας: | |
|---|---|
| Μορφή: | Βιβλίο |
| Γλώσσα: | Undetermined |
| Έκδοση: |
Tokyo
McGraw- Hill Kogakusha, LTD
1977
|
| Θέματα: | |
| Ετικέτες: |
Προσθήκη ετικέτας
Δεν υπάρχουν, Καταχωρήστε ετικέτα πρώτοι!
|
| Thư viện lưu trữ: | Trung tâm Học liệu Trường Đại học Cần Thơ |
|---|
| LEADER | 00466nam a2200181Ia 4500 | ||
|---|---|---|---|
| 001 | CTU_82668 | ||
| 008 | 210402s9999 xx 000 0 und d | ||
| 082 | |a 537.5 | ||
| 082 | |b G873 | ||
| 100 | |a Grob, Bernard | ||
| 245 | 0 | |a Basic electronics | |
| 245 | 0 | |c Bernard Grob | |
| 260 | |a Tokyo | ||
| 260 | |b McGraw- Hill Kogakusha, LTD | ||
| 260 | |c 1977 | ||
| 650 | |a Electronics | ||
| 904 | |i QHieu(sửa) | ||
| 980 | |a Trung tâm Học liệu Trường Đại học Cần Thơ | ||